000 00581nam a2200217 a 4500
001 BRCA_6775
005 20190320205603.0
008 261011s1911----gw-a######---#000-0#ger-#
041 _ager
044 _agw
050 4 _aND653
_b.G7 D85
_c1911
100 1 _aDu Quesne-van Gogh, Elisabeth Huberta
_916899
245 1 0 _aPersonliche erinnerungen an Vincent van Gogh
250 _a2
260 _aMúnich
_bR. Piper & co
_c1911
300 _a82 p.
_bil., 24 láminas
_c23 cm.
500 _aL95
600 1 4 _aGogh, Vincent van
_d1853-1890
_916900
902 _aGFM
942 _2lcc
_cB
999 _c6458
_d6458